01092cam a22002895a 4500001001000000003000400010005001700014008004100031020001800072040003600090082001900126100003400145245007900179260005200258300003200310490004000342504004100382650005200423650004500475650005500520650003600575651001000611653003600621942001900657999001700676952010900693016940983OSt20201128021336.0141105t2015 maua frb 000 0 eng d a9780128008911 aStDuBDSbengcStDuBDSdEG-ScBUE04a005.8bHEX2221 aHexmoor, Henry,d1960-93845010aComputational network science :ban algorithmic approach /cHenry Hexmoor. aWaltham :bMorgan Kaufmann / Elsevier,cc.2015. ax, 118 p. :bill. ;c23 cm.0 aComputer science reviews and trends aIncludes bibliographical references. 7aNeural networks (Computer science)2BUEsh92046 0aInternetxSecurity measures2BUEsh93071 7aComputer networksxSecurity measures.2BUEsh92634 7aComputer security.926372BUEsh 2BUEsh bCOMSCIcJune2015cSeptember2015 2ddck005.8 HEX c19889d19861 00102ddc4070aMAINbMAINcLOWd2015-06-24ePurchasel0o005.8 HEXp000038946r2025-07-15 00:00:00yBB